000 00414pab a2200157 454500
008 180718b2014 xxu||||| |||| 00| 0 eng d
100 _aMurphy, Mary P.
245 _aForty years of the EU influencing social policy in Ireland: A glass half full
260 _c2014
300 _ap.69-86.
650 _aEuropean Union
650 _aSocial policy
773 _aAdministration
908 _aN
909 _a106527
999 _c106522
_d106522